বাংলাদেশে সিভিল সমাজ প্রতিষ্ঠার সংগ্রাম / (Record no. 28645)
[ view plain ]
| 000 -LEADER | |
|---|---|
| fixed length control field | 00832nam a22001937a 4500 |
| 003 - CONTROL NUMBER IDENTIFIER | |
| control field | BDDh-ASL |
| 005 - DATE AND TIME OF LATEST TRANSACTION | |
| control field | 20231015030943.0 |
| 008 - FIXED-LENGTH DATA ELEMENTS--GENERAL INFORMATION | |
| fixed length control field | 220427s1995 b ||||| |||| 00| 0 b d |
| 040 ## - CATALOGING SOURCE | |
| Transcribing agency | BDDh-ASL |
| 082 ## - DEWEY DECIMAL CLASSIFICATION NUMBER | |
| Classification number | 323.3 |
| Item number | MAB |
| 100 1# - MAIN ENTRY--PERSONAL NAME | |
| 9 (RLIN) | 5702 |
| Personal name | মামুন, মুনতাসীর |
| Titles and words associated with a name | অধ্যাপক |
| 245 10 - TITLE STATEMENT | |
| Title | বাংলাদেশে সিভিল সমাজ প্রতিষ্ঠার সংগ্রাম / |
| 246 ## - VARYING FORM OF TITLE | |
| Title proper/short title | Bangladeshe Civil Samaj Prothstar Sangram |
| 260 ## - PUBLICATION, DISTRIBUTION, ETC. | |
| Place of publication, distribution, etc. | ঢাকা: |
| Name of publisher, distributor, etc. | অবসর প্রকাশনা সংস্থা, |
| Date of publication, distribution, etc. | ১৯৯৫। |
| 300 ## - PHYSICAL DESCRIPTION | |
| Extent | ১৯৮ পৃষ্ঠা; |
| Dimensions | ২৩ সে.মি. |
| 504 ## - BIBLIOGRAPHY, ETC. NOTE | |
| Bibliography, etc. note | গ্রন্থপঞ্জি ও নির্ঘণ্ট সংযুক্ত । |
| 650 #0 - SUBJECT ADDED ENTRY--TOPICAL TERM | |
| 9 (RLIN) | 4173 |
| Topical term or geographic name entry element | Civil Society |
| 942 ## - ADDED ENTRY ELEMENTS (KOHA) | |
| Source of classification or shelving scheme | Dewey Decimal Classification |
| Koha item type | Books |
| Withdrawn status | Lost status | Source of classification or shelving scheme | Damaged status | Not for loan | Collection code | Home library | Current library | Shelving location | Date acquired | Source of acquisition | Total Checkouts | Full call number | Barcode | Date last seen | Copy number | Price effective from | Koha item type |
|---|---|---|---|---|---|---|---|---|---|---|---|---|---|---|---|---|---|
| Dewey Decimal Classification | Non-fiction | Asiatic Society Library | Asiatic Society Library | Sirajul Islam Collection | 04/27/2022 | Donated by Prof. Sirajul Islam FRHS | 323.3 MAB | 116647 | 04/27/2022 | C-1 | 04/27/2022 | Books |